000 00300nam a22001337a 4500
008 171211b xxu||||| |||| 00| 0 eng d
020 _a9780256086102
041 _aeng
080 _a311
100 _a55
101 _aSTA
245 _aAPPLIED LINEAR REGRESSION MODELS
_cNETER.J
942 _2udc
_cBK
999 _c38857
_d38857